Lana Del Rey A-Z - Statistics

General Stats
  • This quiz has been taken 140 times
  • The average score is 17 of 24
Answer Stats
Letter Answer % Correct
C Carmen / Cola / Cruel world / Cherry / Coachella - Woodstock in my mind / Change / Cinnamon girl / California / Chemtrails over the country club / Cherry blossom / Candy necklace
99%
B Brite lites / Born to die / Blue jeans / Body electric / Blue velvet / Bel air / Burning desire / Brooklyn baby / Black beauty / Burnt Norton / Beautiful people, beautiful problems / Bartender / Breaking up slowly / Blue banisters / Black bathing suit / Beautiful
95%
D Diet mountain dew / Dark paradise / Don't let me be misunderstood / Doin' time / Dark but just a game / Dance till we die / Dealer / Did you know that there's a tunnel under Ocean Blvd
88%
A American / Art deco / Arcadia / A&W
87%
H Honeymoon / High by the beach / Heroin / How to disappear / Happiness is a butterfly / Hope is a dangerous thing for a woman like me to have - but I have it
87%
L Lolita / Lucky ones / Love / Lust for life / Love song / Let me love you like a woman / Living legend / Let the light in
86%
F For K part II / Fucked my way up to the top / Florida kilos / Flipside / Freak / Fuck it I love you / For free / Fingertips / Fishtail
83%
T This is what makes us girls / The other woman / Terrence loves you / The blackest day / Tomorrow never came / The next best american record / The greatest / Tulsa Jesus freak / Text book / Thunder / The grants / Taco truck x VB
81%
S Smarty / Summertime sadness / Shades of cool / Sad girl / Salvatore / Swan song / Summer bummer / Sweet Carolina / Sweet
80%
M Mermaid motel / Million dollar man / Money power glory / Music to watch boys to / Mariners apartment complex / Margaret
79%
V Video games / Venice bitch / Violets for roses
77%
N National anthem / Norman fucking rockwell / Nectar of the gods
74%
U Ultraviolence
71%
G Gramma / Gods and monsters / Guns and roses / God knows I tried / Groupie love / God bless America - and all beautiful women in it / Get free / Grandfather please stand on the shoulders of my father while he's deep-sea fishing
70%
W Without you / West coast / White mustang / When the world was at war we kept dancing / White dress / Wild at heart / Wildflower wildfire
69%
# 24 / 13 beaches
68%
Y Yayo / Yosemite
64%
R Raise me up / Radio / Ride / Religion
61%
I Is this happiness / In my feelings / Interlude - the trio / If you lie down with me
55%
O Oh say can you see / Off to the races / Old money
55%
P Put me in a movie / Pretty when you cry / Paris, Texas / Peppers
55%
K Kill kill / Kintsugi
52%
J Jump / Judah Smith interlude / Jon Batiste interlude
33%
Q Queen of the gas station
23%
No matching quizzes found
Score Distribution
Percent of People with Each Score
Percentile by Number Answered
Your Score History
You have not taken this quiz